01953nam a22003257a 4500008004100000020001800041040000800059041001600067100003700083245004300120260003900163300004600202490001900248505019600267520054800463650006801011650006701079650004601146650006501192650002701257655002401284655004601308655004701354655003101401655003601432700003201468942000801500952010401508999001501612250528b |||||||| |||| 00| 0 eng d a9781399818261 ctbs aArabicaeng aAltorfer, Frances925366eauthor aBeginners' Arabicc/ Frances Altorfer. aLondon : bTeach Yourself, c2024. axxv, 181 pages :billustrations ;c20 cm. aTeach yourself aMapped to A1-B1 on the Common European Framework of Reference — Everyday phrases and expressions — A bilingual word list — Practice activities — Listening exercises with online audio. aBeginners' Arabic is for absolute beginners and those who've had some previous experience with the language and want to refresh their knowledge. Clear and simple explanations make the course appropriate and accessible to anyone learning Arabic. There are extensive illustrations and tools to help you plan your studies and track your progress, all designed to support learning on your own. This course is also ideal to use with one-to-one tutoring and as a classroom course, and it's the perfect resource to pair with a language-learning app.  0aArabic languagevTextbooks for foreign speakersxEnglish925367 0aArabic languagexConversation and phrase booksxEnglish925368 0aArabic languagexSelf-instruction 925369 0aArabic languagexStudy and teachingxForeign speakers925370 0aArabicxGrammar925371 0aPhrase books925062 0aProgrammed instructional materials925329 0aInstructional and educational works923270 0aInformational works923310 0aSelf-instructional works925331 aSmart, Mairi925372eauthor 2lcc 00102lcc4070aTBSbTBSd2025-05-28l0oP-AR LEARN ALTpB05875r2025-05-28t1w2025-05-28yARABIC c4707d4707